[Event "ROM-ch U10 Boys"]
[Site "Voineasa"]
[Date "2008.04.16"]
[Round "7"]
[White "Dascalescu, Mihai Petru"]
[Black "Petre, Tudor Stefan"]
[Result "0-1"]
[WhiteElo "401"]
[BlackElo "425"]
[PlyCount "98"]
[EventDate "2008.04.08"]
[EventType "swiss"]
[EventRounds "9"]
[EventCountry "ROU"]
[SourceTitle "EXT 2013"]
[Source "ChessBase"]
[SourceDate "2012.11.22"]
[SourceVersion "1"]
[SourceVersionDate "2012.11.22"]
[SourceQuality "1"]

1. d4 d5 2. Nf3 c5 3. e3 e6 4. Bd3 Nf6 5. Bd2 Nc6 6. Nc3 c4 7. Be2 Be7 8. b3 cxb3 9. axb3 0-0 10. 0-0 Bd7 11. Re1 Qc7 12. Bd3 e5 13. Nxe5 Nxe5 14. dxe5 Qxe5 15. Qf3 Bg4 16. Qg3 Qxg3 17. hxg3 Bb4 18. f3 Bd7 19. Rad1 a6 20. Ne2 Bxd2 21. Rxd2 Rfe8 22. e4 dxe4 23. Bxe4 Nxe4 24. fxe4 Bb5 25. Nc3 Bc6 26. Kf2 h6 27. Nd5 Bxd5 28. Rxd5 Rad8 29. Rxd8 Rxd8 30. Ke3 Kf8 31. Re2 Ke7 32. Kf4 Ke6 33. Kf3 Ke5 34. g4 g5 35. g3 b5 36. Kf2 a5 37. Ke3 a4 38. bxa4 bxa4 39. c3 a3 40. Ra2 Ra8 41. Kd3 f6 42. Ke3 Ra4 43. Kf3 Kd6 44. Ke3 Kc5 45. Kd3 Kb5 46. c4+ Kb4 47. Kc2 Kxc4 48. Kc1 Kb3 49. Ra1 a2 0-1

[Event "ROM-ch U10 Boys"]
[Site "Voineasa"]
[Date "2008.04.14"]
[Round "4"]
[White "Dascalescu, Mihai Petru"]
[Black "Radulescu, Mihnea Andrei"]
[Result "0-1"]
[WhiteElo "401"]
[BlackElo "521"]
[PlyCount "62"]
[EventDate "2008.04.08"]
[EventType "swiss"]
[EventRounds "9"]
[EventCountry "ROU"]
[SourceTitle "EXT 2013"]
[Source "ChessBase"]
[SourceDate "2012.11.22"]
[SourceVersion "1"]
[SourceVersionDate "2012.11.22"]
[SourceQuality "1"]

1. d4 d5 2. Nf3 Nf6 3. Bg5 Nc6 4. e3 Bg4 5. Nbd2 Ne4 6. Be2 f6 7. Bf4 g5 8. Bg3 h5 9. h4 Nxg3 10. fxg3 Qd6 11. Nf1 Bf5 12. Bd3 Bxd3 13. Qxd3 Qb4+ 14. Qc3 Qxc3+ 15. bxc3 0-0-0 16. hxg5 fxg5 17. Nxg5 Re8 18. Rd1 a6 19. Rh4 e5 20. g4 Be7 21. Ke2 Bxg5 22. Rxh5 Rxh5 23. gxh5 exd4 24. cxd4 Nxd4+ 25. Kd3 Nf5 26. g4 Nh6 27. Re1 Nxg4 28. e4 Nf2+ 29. Kd4 Rxe4+ 30. Rxe4 dxe4 31. c3 b6 0-1

[Event "ROM-ch U10 Boys"]
[Site "Voineasa"]
[Date "2008.04.12"]
[Round "1"]
[White "Dascalescu, Mihai Petru"]
[Black "Andreica, Radu Adrian"]
[Result "1-0"]
[WhiteElo "401"]
[BlackElo "563"]
[PlyCount "79"]
[EventDate "2008.04.08"]
[EventType "swiss"]
[EventRounds "9"]
[EventCountry "ROU"]
[SourceTitle "EXT 2013"]
[Source "ChessBase"]
[SourceDate "2012.11.22"]
[SourceVersion "1"]
[SourceVersionDate "2012.11.22"]
[SourceQuality "1"]

1. d4 d5 2. Nf3 Nc6 3. Bg5 h6 4. Bh4 Nf6 5. e3 Bg4 6. Nbd2 e6 7. Bd3 Bd6 8. c3 0-0 9. Qc2 Re8 10. 0-0 Be7 11. Rfe1 Nh5 12. Bxe7 Qxe7 13. Bh7+ Kh8 14. h3 Bxf3 15. Nxf3 Nf6 16. Bd3 Qd6 17. Rad1 Rad8 18. e4 Qd7 19. e5 Ng8 20. Be2 Nge7 21. Bd3 Rf8 22. c4 Nb4 23. Qb1 Nxd3 24. Qxd3 dxc4 25. Qxc4 Nd5 26. b3 Nf4 27. Re4 Nd5 28. Rc1 b5 29. Qc6 Qxc6 30. Rxc6 Rd7 31. Rc1 f5 32. Rh4 Kh7 33. g4 f4 34. Rc5 a6 35. Rc6 Re7 36. Rxa6 Rg8 37. g5 b4 38. gxh6 gxh6+ 39. Kh2 Rg4 40. Rxg4 1-0